New offshore wind initiative to boost Scottish supply chain (Record no. 83745)
[ view plain ]
| 000 -LEADER | |
|---|---|
| fixed length control field | 00944cad a22001935a 4500 |
| 001 - CONTROL NUMBER | |
| control field | E154903 |
| 008 - FIXED-LENGTH DATA ELEMENTS--GENERAL INFORMATION | |
| fixed length control field | 120131e20120131xxk 000 0 eng d |
| 035 ## - SYSTEM CONTROL NUMBER | |
| System control number | (Sirsi) u154903 |
| 041 0# - LANGUAGE CODE | |
| Language code of text/sound track or separate title | eng |
| 110 2# - MAIN ENTRY--CORPORATE NAME | |
| Corporate name or jurisdiction name as entry element | Scottish Enterprise |
| 9 (RLIN) | 2731 |
| 245 00 - TITLE STATEMENT | |
| Title | New offshore wind initiative to boost Scottish supply chain |
| Medium | [electronic resource] |
| 260 ## - PUBLICATION, DISTRIBUTION, ETC. | |
| Date of publication, distribution, etc. | 2012 |
| 490 ## - SERIES STATEMENT | |
| Series statement | Scottish Enterprise Press Release |
| Volume/sequential designation | 31 January 2012 |
| 520 ## - SUMMARY, ETC. | |
| Summary, etc. | Scottish Enterprise are to launch an Offshore Wind Expert Support Programme, which will offer up to two days of free specialist support to companies working in, or seeking to work in, the offshore wind sector. |
| 651 #4 - SUBJECT ADDED ENTRY--GEOGRAPHIC NAME | |
| Geographic name | Scotland |
| Chronological subdivision | 1999- |
| 690 ## - LOCAL SUBJECT ADDED ENTRY--TOPICAL TERM (OCLC, RLIN) | |
| Topical term or geographic name as entry element | Energy |
| 9 (RLIN) | 6237 |
| 856 40 - ELECTRONIC LOCATION AND ACCESS | |
| Uniform Resource Identifier | <a href="https://www.scottish-enterprise.presscentre.com/Press-releases/New-offshore-wind-initiative-to-boost-Scottish-supply-chain-46e.aspx">https://www.scottish-enterprise.presscentre.com/Press-releases/New-offshore-wind-initiative-to-boost-Scottish-supply-chain-46e.aspx</a> |
| Public note | View the press release free of charge at www.scottish-enterprise.presscentre.com |
| 942 ## - ADDED ENTRY ELEMENTS (KOHA) | |
| Suppress in OPAC | 0 |
| Withdrawn status | Lost status | Source of classification or shelving scheme | Damaged status | Not for loan | Home library | Current library | Shelving location | Date acquired | Total Checkouts | Full call number | Barcode | Date last seen | Copy number | Price effective from | Koha item type |
|---|---|---|---|---|---|---|---|---|---|---|---|---|---|---|---|
| Dewey Decimal Classification | Virtual | Virtual | Online | 31/01/2012 | ONLINE PUBLICATION | 154903-2001 | 06/08/2019 | 1 | 06/08/2019 | Journal article |